東アジア経済と日本(第3巻)
में बचाया:
| मुख्य लेखक: | |
|---|---|
| स्वरूप: | पुस्तक |
| भाषा: | Undetermined |
| प्रकाशित: |
東京
日本国際問題研究所
1975
|
| विषय: | |
| टैग : |
टैग जोड़ें
कोई टैग नहीं, इस रिकॉर्ड को टैग करने वाले पहले व्यक्ति बनें!
|
| Thư viện lưu trữ: | Trung tâm Học liệu Trường Đại học Cần Thơ |
|---|
| LEADER | 00530nam a2200181Ia 4500 | ||
|---|---|---|---|
| 001 | CTU_83283 | ||
| 008 | 210402s9999 xx 000 0 und d | ||
| 082 | |a 337 | ||
| 082 | |b K79 | ||
| 100 | |a 小島清(こじま きよし) | ||
| 245 | 0 | |a 東アジア経済と日本(第3巻) | |
| 245 | 0 | |c 小島清 | |
| 260 | |a 東京 | ||
| 260 | |b 日本国際問題研究所 | ||
| 260 | |c 1975 | ||
| 650 | |a Internatinal economic relations | ||
| 904 | |i Ngoc, QHieu | ||
| 980 | |a Trung tâm Học liệu Trường Đại học Cần Thơ | ||